Logo BPK

Biblioteka

Politechniki Koszalińskiej

Kursokonferencja naukowa pt. Zarządzanie przez cele w przedsiębiorstwach socjalistycznych. (Rekord nr 21237)

Szczegóły MARC
000 -ETYKIETA REKORDU
podpole kontrolne o stałej długości 00324nam a2200121 i 4500
001 - NUMER KONTROLNY REKORDU
pole kontrolne bg
040 ## - ŹRÓDŁO KATALOGOWANIA
Instytucja, która utworzyła rekord BPK
041 ## - KOD JĘZYKA
Kod języka tekstu pol
008 - POLE O STAŁEJ DŁUGOŚCI - DANE KONTROLNE
podpole kontrolne o stałej długości s pl f |000 0 pol
245 #M - TYTUŁ/ODPOWIEDZIALNOŚĆ
Tytuł Kursokonferencja naukowa pt. Zarządzanie przez cele w przedsiębiorstwach socjalistycznych.
260 ## - STREFA ADRESU WYDAWNICZEGO
Miejsce wydania Koszalin,
Data publikacji, dystrybucji/powstania dokumentu 1979.
856 ## - LOKALIZACJA I DOSTĘP DO ELEKTRONICZNYCH DOKUMENTÓW ZDALNYCH
Link (URL) http://koha.tu.koszalin.pl/cgi-bin/koha/opac-detail.pl?biblionumber=21237
Tekst linku Katalog online BPK
942 ## - DODATKOWE ELEMENTY (KOHA)
Typ dokumentu Książka
Egzemplarze
Wycofany Status egzemplarza Uszkodzony Dostępność Lokalizacja stała Lokalizacja bieżąca Miejsce przechowywania Sygnatura Kod kreskowy Typ dokumentu Numer ubytku
      Dostępny Biblioteka Politechniki Koszalińskiej Biblioteka Politechniki Koszalińskiej Wypożyczalnia BG 29825 02103075 Książka  
      Dostępny Biblioteka Politechniki Koszalińskiej Biblioteka Politechniki Koszalińskiej Wypożyczalnia BG 29826 01603064 Książka  
  Egz. niedostępny   Niedostępny Biblioteka Politechniki Koszalińskiej Biblioteka Politechniki Koszalińskiej   29827 01603071 Książka 12322
  Egz. niedostępny   Niedostępny Biblioteka Politechniki Koszalińskiej Biblioteka Politechniki Koszalińskiej   29828 01603088 Książka 12323
© 2023 Biblioteka Politechniki Koszalińskiej :: KOHA